[Event "Challenge"]
[Site "http://www.queenalice.com/game.php?id=789016"]
[Date "2010.6.12"]
[Round "-"]
[White "Crhis"]
[Black "bomfim"]
[Result "0-1"]
[WhiteElo "1108"]
[BlackElo "2115"]

1. d4 d5 2. Nc3 Nf6 3. Bg5 e6 4. Nf3 Be7 5. e3 O-O 6. Bd3 Nc6 7. h4 h6 8. Bf4
Bd6 9. Qd2 Bxf4 10. exf4 Re8 11. Qe2 a6 12. a3 Qd6 13. g3 Bd7 14. b4 Nxd4 15.
Nxd4 e5 16. fxe5 Rxe5 17. O-O Rxe2 18. Bxe2 Re8 19. Rae1 c5 20. Rd1 cxd4 21.
Rxd4 Qe5 22. Rf4 Qxc3 23. Re1 Qxe1+ 24. Kg2 Bh3+ 25. Kxh3 Qh1# 0-1

[Event "Challenge"]
[Site "http://www.queenalice.com/game.php?id=791614"]
[Date "2010.6.17"]
[Round "-"]
[White "Crhis"]
[Black "ries87"]
[Result "0-1"]
[WhiteElo "1135"]
[BlackElo "1449"]

1. e4 c5 2. d3 e6 3. Nf3 d5 4. Nc3 Nf6 5. Ne5 Bd6 6. Bf4 Nc6 7. Qf3 Bxe5 8. Bxe5
Nxe5 9. Qe3 d4 10. Qf4 Qd6 11. Qd2 dxc3 12. Qxc3 O-O 13. Be2 Neg4 14. Bxg4 Nxg4
15. h3 Nf6 16. e5 Qd4 17. Qd2 Qxe5+ 18. Kf1 Qxb2 19. Ke2 b5 20. Rac1 c4 21. Qd1
Qxa2 22. Ra1 cxd3+ 23. Kxd3 Qd5+ 24. Ke2 Qxg2 25. Kd3 Qxf2 26. Kc3 b4+ 27. Kxb4
Nd5+ 28. Kb3 Rb8+ 29. Kc4 Rb4+ 30. Kd3 Nf4+ 31. Kc3 Qc5+ 32. Kd2 Rd8+ 33. Kc1
Rxd1+ 34. Kxd1 Qd4+ 35. Ke1 Qxa1+ 36. Kd2 Qxh1 37. Kc3 Qe1# 0-1

[Event "Challenge"]
[Site "http://www.queenalice.com/game.php?id=794723"]
[Date "2010.6.25"]
[Round "-"]
[White "joaoosil"]
[Black "Crhis"]
[Result "1-0"]
[WhiteElo "1625"]
[BlackElo "1121"]

1. e4 Nf6 2. Nc3 e5 3. Nf3 Nc6 4. Bc4 Qe7 5. a3 a5 6. Nb5 Nxe4 7. Nxc7+ Kd8 8.
Nd5 Qd6 9. d4 Nxd4 10. Ng5 Nxg5 11. Bxg5+ f6 12. Bh4 Be7 13. c3 Nf5 14. O-O Rb8
15. Qg4 Nxh4 16. Qxg7 Bf8 17. Qxh8 b6 18. Rad1 Bb7 19. Nxf6 Qc6 20. Rxd7+ Qxd7
21. Qxf8+ Kc7 22. Nxd7 Kxd7 23. Rd1+ Kc7 24. Qe7+ Kc6 25. Qd6# 1-0

[Event "Challenge"]
[Site "http://www.queenalice.com/game.php?id=827581"]
[Date "2010.9.4"]
[Round "-"]
[White "FC"]
[Black "Crhis"]
[Result "1-0"]
[WhiteElo "1466"]
[BlackElo "1102"]

1. e4 e5 2. Bc4 Nh6 3. Qf3 Be7 4. d3 d6 5. Bxh6 gxh6 6. Qxf7+ Kd7 7. Nf3 Rf8 8.
Qxh7 Qe8 9. O-O Rf7 10. Bxf7 Qf8 11. Nc3 Nc6 12. Nd5 Nd8 13. Bg6 b6 14. d4 Ne6
15. dxe5 dxe5 16. c4 c5 17. Nxe5+ Kd6 18. Nf7+ Kd7 19. Rad1 Kc6 20. a4 Bd7 21.
Ne5+ Kb7 22. Nxd7 Qd8 23. Ne5 Kb8 24. Nc6+ Kb7 25. Nxd8+ Kc8 26. Nxe6 Kd7 27.
Qxe7+ Kc6 28. Qc7# 1-0

[Event "Challenge"]
[Site "http://www.queenalice.com/game.php?id=838383"]
[Date "2010.9.26"]
[Round "-"]
[White "miltonferreira"]
[Black "Crhis"]
[Result "0-1"]
[WhiteElo "1348"]
[BlackElo "1128"]

1. e4 e5 2. Nc3 Nf6 3. Nf3 Nc6 4. d4 exd4 5. e5 Ng4 6. Nxd4 Ncxe5 7. Qe2 d6 8.
Ncb5 Bd7 9. h3 Nf6 10. Nc3 Be7 11. Qe3 d5 12. Qxe5 O-O 13. Nxd5 Nxd5 14. Bd2 Nb6
15. Bc3 Bf6 16. Qe4 g6 17. Qe3 Bg7 18. h4 Nd5 19. Qf3 f5 0-1

[Event "Challenge"]
[Site "http://www.queenalice.com/game.php?id=842746"]
[Date "2010.10.7"]
[Round "-"]
[White "Crhis"]
[Black "bomfim"]
[Result "1-0"]
[WhiteElo "1098"]
[BlackElo "2119"]

1. e4 e5 2. Nf3 Nf6 3. d3 Bc5 4. d4 Bxd4 5. Nxd4 exd4 6. f3 O-O 7. Qxd4 Nc6 8.
Qd2 d5 9. Nc3 dxe4 10. fxe4 Qe7 11. Be2 Rd8 12. Qe3 Nd4 13. O-O Nxc2 14. Qf2
Nxa1 15. Bg5 1-0

[Event "Challenge"]
[Site "http://www.queenalice.com/game.php?id=846438"]
[Date "2010.10.15"]
[Round "-"]
[White "kievelrs"]
[Black "Crhis"]
[Result "1-0"]
[WhiteElo "1512"]
[BlackElo "1100"]

1. e4 e5 2. Bc4 Qe7 3. Nf3 Nc6 4. O-O Nf6 5. Nc3 Nh5 6. d3 d6 7. Ng5 f6 8. Bf7+
Kd7 9. Bxh5 g6 10. Nd5 Qd8 11. Qg4+ Ke8 12. Ne6 Bxe6 13. Qxe6+ Be7 14. Nxf6+ Kf8
15. Bh6# 1-0

[Event "Challenge"]
[Site "http://www.queenalice.com/game.php?id=891760"]
[Date "2011.1.27"]
[Round "-"]
[White "cucalegal"]
[Black "Crhis"]
[Result "1-0"]
[WhiteElo "1659"]
[BlackElo "1136"]

1. e4 e5 2. Nf3 Nc6 3. Nc3 Nf6 4. d3 d6 5. Nd5 Nxd5 6. exd5 Ne7 7. c4 g6 8. Ng5
Be6 9. dxe6 fxe6 10. Nxe6 Qd7 11. Nxf8 Kxf8 12. b3 Nc6 13. Bh6+ Kf7 14. Qf3+ Ke7
15. Bg5+ Ke8 16. Qh3 Qxh3 17. gxh3 Rf8 18. Bg2 Rf5 19. Be3 1-0

[Event "Challenge"]
[Site "http://www.queenalice.com/game.php?id=902673"]
[Date "2011.2.19"]
[Round "-"]
[White "brunooc"]
[Black "Crhis"]
[Result "1-0"]
[WhiteElo "2119"]
[BlackElo "1117"]

1. e4 e5 2. Nf3 Nc6 3. c3 Nf6 4. d4 exd4 5. e5 Ne4 6. Qe2 d5 7. exd6 cxd6 8.
Qxe4+ Be6 9. Bb5 a6 10. Bxc6+ bxc6 11. Qxc6+ Ke7 12. O-O Rc8 13. Qxa6 1-0

[Event "Challenge"]
[Site "http://www.queenalice.com/game.php?id=907839"]
[Date "2011.3.3"]
[Round "-"]
[White "edemarc"]
[Black "Crhis"]
[Result "1-0"]
[WhiteElo "1547"]
[BlackElo "1119"]

1. e4 e5 2. Nf3 Nc6 3. Nc3 d6 4. Nd5 Nb4 5. Nxb4 Be7 6. Nd5 Bg5 7. Bb5+ c6 8.
Ba4 f6 9. O-O h6 10. Nxg5 fxg5 11. Qh5+ 1-0